| 000 | 00547cam a2200145 4500500 | ||
|---|---|---|---|
| 005 | 20260208002334.0 | ||
| 041 | _afre | ||
| 042 | _adc | ||
| 100 | 1 | 0 |
_aMeyran, Régis _eauthor |
| 245 | 0 | 0 | _aDominique Guillo, Les Figures de l’organisation. Sciences sociales et sciences de la vie au xixe siècle, Paris, PUF, 2003 («Sociologies») |
| 260 | _c2005. | ||
| 500 | _a40 | ||
| 786 | 0 | _nL'Homme | 173 | 1 | 2005-01-01 | p. 199f-283f | 0439-4216 | |
| 856 | 4 | 1 | _uhttps://shs.cairn.info/revue-l-homme-2005-1-page-199f?lang=fr&redirect-ssocas=7080 |
| 999 |
_c1645918 _d1645918 |
||